Cebra Zebra /
Guardado en:
| Autor Principal: | |
|---|---|
| Formato: | Libro |
| Publicado: |
Villa Ventana :
Maravilla,
2017.
|
| Materias: | |
| Etiquetas: |
Agregar Etiqueta
Sin Etiquetas, Sea el primero en etiquetar este registro!
|
| LEADER | 00481nam a22001455a 4500 | ||
|---|---|---|---|
| 001 | EHU.bham051037 | ||
| 008 | 221012s2017####ag############000#0#####d | ||
| 005 | 20221012075030.0 | ||
| 245 | 0 | 0 | |a Cebra Zebra / |c escrito y dibujado por Roberta Iannamico. |
| 260 | |a Villa Ventana : |b Maravilla, |c 2017. | ||
| 100 | 1 | |a Iannamico, Roberta. | |
| 082 | 9 | 8 | |a A868.5 Ia6 |
| 653 | |a Literatura argentina-2000- | ||
| 653 | |a Miscelánea argentina-2000- | ||
| 859 | |a AR-BHAM |b BIB. HUMANIDADES - General |h A868.5 |i Ia6 |p 33.20 | ||
